Το λαικό παραμύθι : θεωρητικές προσεγγίσεις

Saved in:
Bibliographic Details
Main Author: Αυδίκος, Βαγγέλης Γρ., 1951-
Format: Book
Language:Greek
Published: Αθήνα : Οδυσσέας, 1994
Subjects:
Tags: Add Tag
No Tags, Be the first to tag this record!

MARC

LEADER 00000cam a2200000 i 4500
001 1/70838
008 990226s1994 gr | ||| |||| ||gre||
020 |a 9602101121 
035 |l 10048201 
040 |a GR-MY-UA  |b gre  |e aacr 
041 0 |a gre 
082 0 |a 809.89282 
100 1 |a Αυδίκος, Βαγγέλης Γρ.,   |d 1951- 
245 1 3 |a Το λαικό παραμύθι :  |b θεωρητικές προσεγγίσεις /  |c Ευάγγελος Αυδίκος 
260 |a Αθήνα :   |b Οδυσσέας,   |c 1994 
300 |a 172 σ. 
650 0 0 |a Children's literature, Greek (Modern)  |x History and criticism. 
852 |a INST  |b RHODES  |e 19990226  |h 809.89282 ΑΥΔ  |p 005400015567  |q 005400015567  |t BK  |y 0 
901 |a BIBL-1999-1 
909 |a Ρ  |b 053341  |c 1998 
922 |a 4ΕΛΗ  |b 199801  |c ΚΠΣ/Ν 
970 |z 2000/06/ΟΙΚΟΝΟΜΟΠΟΥΛΟΥ (SUBJECT)